| 000 | 01477cam a2200649 4500 | ||
|---|---|---|---|
| 001 | J2950 | ||
| 008 | 090401t1995 xxu||||| |||| 00| 0 eng d | ||
| 035 | _a(Sirsi) u52162 | ||
| 041 | _aeng | ||
| 050 | _a333.33091 | ||
| 110 |
_aHillier Parker _92054 |
||
| 245 | _aInternational property bulletin 1995. | ||
| 260 |
_aLondon _bHillier Parker May and Rowden _c1995 |
||
| 300 | _a80p. ; 30cm. | ||
| 350 | _a30 | ||
| 650 | _aAUSTRALIA | ||
| 650 | _aBELGIUM | ||
| 650 | _aBUILT ENVIRONMENT-BUILDING COSTS | ||
| 650 | _aCANADA | ||
| 650 | _aCHINA | ||
| 650 | _aDENMARK | ||
| 650 | _aESTONIA | ||
| 650 | _aFINLAND | ||
| 650 | _aFRANCE | ||
| 650 | _aGERMANY | ||
| 650 | _aHONG KONG | ||
| 650 | _aINDONESIA | ||
| 650 | _aINTERNATIONAL PROPERTY | ||
| 650 | _aIRELAND | ||
| 650 | _aITALY | ||
| 650 | _aJAPAN | ||
| 650 | _aKOREA | ||
| 650 | _aLATVIA | ||
| 650 | _aLEASE TERMS | ||
| 650 | _aMALAYSIA | ||
| 650 | _aNETHERLANDS | ||
| 650 | _aNORWAY | ||
| 650 | _aPHILIPPINES | ||
| 650 | _aPOLAND | ||
| 650 | _aPORTUGAL | ||
| 650 | _aPROPERTY MARKET | ||
| 650 | _aRATES OF RETURN | ||
| 650 | _aRENTAL VALUES | ||
| 650 | _aSINGAPORE | ||
| 650 | _aSOUTH AFRICA | ||
| 650 | _aSPAIN | ||
| 650 | _aSWEDEN | ||
| 650 | _aSWITZERLAND | ||
| 650 | _aTAIWAN | ||
| 650 | _aTHAILAND | ||
| 650 | _aUNITED STATES OF AMERICA | ||
| 650 | _aVIETNAM | ||
| 650 | _aYIELDS | ||
| 690 | _aOVERSEAS | ||
| 942 | _n0 | ||
| 948 | _c04/03/1997 | ||
| 999 |
_c92996 _d92996 |
||